Čáry-máry, zmizli čiary

Bibliographic Details
Main Author: Dragulová-Faktorová, Danuša, 1965- (Author)
Other Authors: Šilhan, Štefan (Illustrator)
Format: Book
Language:Slovak
PhysicalDescription:64 s. fareb. ilustr. 15 cm
Published: Zálesie DAXE 2000
ISBN:8096830368
Subjects:

MARC

LEADER 00000nam a2200000 a 4500
001 vtls001391380
003 SK-MaSNL
005 20260301115812.0
008 220511s2000 xo a b 0000p slo
015 |a SNBA2000/09-03286 
020 |a 8096830368 
035 |a SNK000345658 
035 |a urn:nbn:sk:snk-am3hpi9 
035 |a ED8886F6-B7C6-4C02-9D26-19C2FD151371 
035 |a urn:nbn:sk:snk-am00cu50 
040 |a SNK  |b slo  |c SNK  |e AACR2 
041 0 |a slo 
044 |a xo  |c SK 
080 |a 885.4-1(087.5)  |2 1981 
100 1 |a Dragulová-Faktorová, Danuša,  |d 1965-  |4 aut  |9 99458 
245 1 0 |a Čáry-máry, zmizli čiary  |c Danuša Dragulová-Faktorová ; [ilustrácie Štefan Šilhan] 
260 |a Zálesie  |b DAXE  |c 2000 
300 |a 64 s.  |b fareb. ilustr.  |c 15 cm 
500 |a Údaj o ilustr. prevzatý z rubu tit. strany 
655 7 |a poézia pre deti  |2 SNKPH  |9 86748 
655 7 |a slovenská poézia  |2 SNKPH  |9 70444 
655 7 |a publikácie pre deti  |2 SNKPH  |9 70148 
700 1 |a Šilhan, Štefan  |4 ill 
919 |a 80-968303-6-8 
954 |a beletria pôvodná (slovenská)  |2 lita 
958 |a TL 
958 |a LX 
958 |a DB 
958 |a SK 
999 |c 723639  |d 725569 
952 |t P60, <03>, [BOOK], {603}  |a SNK  |b SNK  |y PREZ  |7 0  |p 17A0244027  |o snkSE 9837  |i snkKSP 6356/2000  |0 0  |1 0  |4 0  |d 2000-06-26  |f 1  |l 0  |r 2005-01-02 00:00:00  |w 2026-02-23 
952 |t P60, <04>, [BOOK], {604}  |a SNK  |b SNK  |y VYP  |7 0  |p 17A0244028  |o snkSE 9837 D1  |i snkKSP 6357/2000  |0 0  |1 0  |4 0  |d 2000-06-26  |l 0  |r 2005-01-02 00:00:00  |w 2026-02-23